Chansons les plus streamées : Damso - Statistiques

Statistiques générales
  • Ce quiz a été pris 1 392 fois
    1 217 depuis la dernière actualisation
  • Le résultat moyen est 5 sur 10
Statistiques - réponses
Nb de streams Chanson % Correct
251 000 000 Macarena
97%
157 500 000 Feu de bois
62%
140 500 000 Mosaïque solitaire
61%
155 000 000 Dieu ne ment jamais
57%
182 000 000 Mwaka Moon (avec Kalash)
54%
129 500 000 J Respect R
53%
108 000 000 MOROSE
49%
157 000 000 Signaler
47%
95 500 000 911
42%
96 000 000 Démons (avec Angèle)
18%
Aucun quiz correspondant
Distribution des résultats
% des personnes avec chaque résultat
Percentile par nombre de réponses
Votre historique - résultats
Vous n’avez pas pris ce quiz depuis la dernière actualisation